00583nam a2200133Ia 4500008004100000100003300041245014200074260004800216300001100264650001400275856006800289999001900357952007300376160712s9999 xx 000 0 und d aTantengco, Myra Trinidad T.  cMyra Trinidad T. TantengcoaFamily and Home Factors that Facilitate Talent Development and Achievement Among Distinguished Filipino Women c2011bAlipato: A Journal of Basic Education avol. 5 xEDUCATION uhttp://journals.upd.edu.ph/index.php/ali/article/view/2694/2524 c297550d297550 001040aCLbCLd2016-07-12l0r2016-07-12 00:00:00w2016-07-12yFEJ